The Reverse Polish Notation - Statistics

General Stats
  • This quiz has been taken 16 times
  • The average score is 11 of 15
Answer Stats
RPN Result % Correct
10 5 8 8 - * * 0
100%
1 1 2 2 - * * 0
100%
6 6 - 9 * 6 * 0
100%
7 6 4 4 - + - 1
100%
2 1 10 10 - + - 1
100%
3 5 + 2 9 - + 1
100%
7 7 6 10 - + + 10
100%
7 10 4 3 + - + 10
100%
4 7 8 7 - - + 10
100%
7 7 + 7 * 5 + 103
100%
5 3 5 7 - * - 11
100%
10 10 - 1 10 + + 11
100%
9 9 2 5 + - + 11
100%
2 3 * 7 2 - + 11
100%
10 9 4 3 + - + 12
100%
5 1 4 4 + - - 12
100%
8 5 + 5 4 - - 12
100%
2 8 + 9 + 7 - 12
100%
5 6 5 1 - * * 120
100%
9 7 + 8 * 1 ^ 128
100%
3 1 ^ 1 9 + + 13
100%
9 1 5 - - 10 * 130
100%
9 3 7 5 - + + 14
100%
6 9 + 5 4 - - 14
100%
5 10 * 3 * 10 - 140
100%
7 4 * 7 + 4 * 140
100%
3 1 6 + 2 ^ * 147
100%
4 2 ^ 9 * 3 + 147
100%
4 4 8 + + 1 - 15
100%
9 7 2 3 - * - 16
100%
2 9 9 * * 1 / 162
100%
4 5 + 9 2 * * 162
100%
6 7 5 * 7 - * 168
100%
7 5 8 + + 3 - 17
100%
5 8 4 * 3 + * 175
100%
8 6 9 5 - + + 18
100%
5 7 - 10 + 10 + 18
100%
2 8 - 6 4 * + 18
100%
3 5 6 9 - * - 18
100%
1 1 + 3 3 * * 18
100%
7 5 * 5 - 6 * 180
100%
10 10 + 9 * 4 + 184
100%
6 2 - 5 * 1 - 19
100%
5 3 + 4 7 + + 19
100%
4 5 * 10 * 10 - 190
100%
3 1 * 8 * 8 * 192
100%
1 8 7 + - 2 ^ 196
100%
7 5 + 10 + 9 * 198
100%
2 1 9 9 - * + 2
100%
6 10 - 1 6 * + 2
100%
10 5 5 5 - - / 2
100%
7 3 + 8 - 1 * 2
100%
4 1 * 6 10 + + 20
100%
2 10 4 2 * + + 20
100%
6 3 * 6 9 - - 21
100%
10 1 * 1 10 + + 21
100%
5 2 - 6 * 4 + 22
100%
2 5 * 10 + 2 + 22
100%
1 4 * 1 6 * * 24
100%
3 9 9 + 3 + + 24
100%
3 9 * 1 4 - + 24
100%
5 2 * 2 * 4 + 24
100%
5 6 + 10 4 + + 25
100%
2 10 + 7 + 6 + 25
100%
7 2 3 3 * * + 25
100%
6 9 * 3 / 7 + 25
100%
8 4 * 1 * 7 - 25
100%
2 1 * 3 8 * + 26
100%
4 4 + 2 * 10 + 26
100%
6 8 + 3 + 9 + 26
100%
7 5 * 2 + 10 - 27
100%
7 1 - 9 * 2 / 27
100%
9 10 8 + * 6 / 27
100%
10 3 6 10 - - - 3
100%
8 3 + 3 - 5 - 3
100%
3 1 * 7 + 7 - 3
100%
3 6 + 8 - 3 * 3
100%
3 8 1 9 - + + 3
100%
1 8 3 8 - + * 3
100%
7 1 - 4 1 + * 30
100%
4 3 10 * 4 - + 30
100%
10 5 + 5 10 + + 30
100%
3 2 4 * * 7 + 31
100%
4 5 4 7 - - * 32
100%
1 5 + 2 ^ 4 - 32
100%
3 5 5 + 3 * + 33
100%
4 9 * 7 5 - - 34
100%
2 3 6 5 * + + 35
100%
7 7 * 7 - 4 - 38
100%
3 6 2 3 + - + 4
100%
10 3 5 3 - * - 4
100%
10 3 * 9 + 2 + 41
100%
2 4 + 1 ^ 7 * 42
100%
6 5 * 8 + 5 + 43
100%
6 1 - 8 5 * + 45
100%
8 7 - 3 7 - - 5
100%
5 10 + 9 - 1 - 5
100%
7 9 * 4 - 9 - 50
100%
9 1 ^ 4 - 10 * 50
100%
10 5 * 8 7 - + 51
100%
7 7 * 1 1 + + 51
100%
5 6 5 8 * + + 51
100%
4 3 4 4 * * + 52
100%
7 9 * 4 - 5 - 54
100%
7 7 * 9 + 3 - 55
100%
4 10 2 6 - - * 56
100%
9 7 - 8 * 10 - 6
100%
1 2 8 - - 1 - 6
100%
5 3 7 + 9 - + 6
100%
5 2 + 7 6 - - 6
100%
7 5 * 5 2 ^ + 60
100%
8 10 * 10 3 + - 67
100%
1 7 - 5 + 8 + 7
100%
8 5 5 - 2 * + 8
100%
7 6 9 7 - * * 84
100%
10 4 7 10 - + - 9
100%
8 7 8 1 ^ - - 9
100%
4 10 9 * 3 - + 91
100%
10 7 + 2 + 5 * 95
100%
5 8 2 1 * - + 11
50%
8 7 + 7 6 + * 195
50%
5 5 8 9 + + + 27
50%
4 8 5 * 6 - + 38
50%
7 3 * 10 + 8 + 39
50%
4 8 5 - + 1 - 6
50%
5 2 9 10 - * - 7
50%
1 5 3 7 + * * 50
33%
3 5 * 1 1 - * 0
0%
6 3 3 - 7 * * 0
0%
8 7 5 3 * - + 0
0%
3 9 6 + 5 / - 0
0%
3 2 10 - 5 + + 0
0%
7 10 + 6 6 - * 0
0%
7 7 - 1 * 2 * 0
0%
2 7 - 5 + 5 / 0
0%
6 6 - 2 10 * * 0
0%
2 2 1 - - 1 - 0
0%
4 9 - 5 + 5 * 0
0%
4 4 - 1 9 + * 0
0%
6 3 - 1 + 4 - 0
0%
6 9 9 - 3 * * 0
0%
5 5 - 8 5 * * 0
0%
10 10 4 4 - + - 0
0%
9 9 - 9 + 9 - 0
0%
9 3 + 2 - 10 - 0
0%
9 5 - 9 5 - - 0
0%
1 7 + 5 5 - * 0
0%
9 7 1 8 - + * 0
0%
4 4 - 3 * 1 ^ 0
0%
3 6 10 - - 7 - 0
0%
5 6 - 2 3 - - 0
0%
5 4 2 3 - - - 0
0%
10 8 - 8 + 10 - 0
0%
7 7 - 10 9 - * 0
0%
6 1 + 1 8 - + 0
0%
8 4 3 5 - * + 0
0%
1 1 + 2 ^ 4 - 0
0%
8 8 + 8 8 - * 0
0%
2 5 * 2 2 - * 0
0%
9 3 6 6 + - + 0
0%
10 10 - 4 * 1 * 0
0%
7 2 1 * 2 - * 0
0%
2 10 9 3 + - + 0
0%
2 2 - 1 ^ 8 * 0
0%
8 8 - 4 * 3 / 0
0%
6 7 7 - 5 * * 0
0%
7 8 7 7 - * * 0
0%
7 4 - 1 ^ 3 - 0
0%
3 8 + 1 - 9 - 1
0%
10 9 - 6 5 - * 1
0%
2 7 - 4 - 10 + 1
0%
1 3 * 2 * 5 - 1
0%
1 9 * 4 4 + - 1
0%
3 4 - 3 * 4 + 1
0%
10 6 9 + - 6 + 1
0%
10 8 - 8 - 7 + 1
0%
3 6 1 - + 7 - 1
0%
1 2 5 5 - * - 1
0%
6 1 9 4 - * - 1
0%
10 2 3 - - 10 - 1
0%
5 5 6 + - 7 + 1
0%
2 1 ^ 5 * 9 - 1
0%
7 2 - 6 - 2 + 1
0%
6 3 1 4 - - / 1
0%
8 8 - 8 + 7 - 1
0%
4 3 - 7 - 7 + 1
0%
2 5 2 - * 6 / 1
0%
4 3 6 - + 2 ^ 1
0%
6 1 3 + 9 - + 1
0%
9 8 8 9 - * + 1
0%
5 8 5 7 + - + 1
0%
8 6 - 4 - 3 + 1
0%
7 5 - 2 3 - + 1
0%
3 8 10 1 * - + 1
0%
6 2 - 3 1 * - 1
0%
3 10 - 4 4 + + 1
0%
8 1 * 4 - 3 - 1
0%
7 5 2 + - 10 + 10
0%
5 7 - 2 6 * + 10
0%
4 8 8 - + 6 + 10
0%
10 6 8 - 2 + + 10
0%
10 7 - 1 * 7 + 10
0%
8 8 1 9 + - - 10
0%
7 5 - 5 + 3 + 10
0%
9 5 1 * 6 - - 10
0%
4 8 6 + + 8 - 10
0%
5 3 + 2 - 4 + 10
0%
10 3 2 - - 1 + 10
0%
10 1 9 8 - - - 10
0%
6 3 - 6 + 1 + 10
0%
5 9 10 - 6 + + 10
0%
1 3 + 2 4 + + 10
0%
8 2 * 7 - 1 + 10
0%
8 8 - 7 + 3 + 10
0%
6 2 5 7 - - + 10
0%
4 3 2 + * 10 - 10
0%
1 10 + 3 + 4 - 10
0%
4 7 + 6 - 2 * 10
0%
3 4 * 1 / 2 - 10
0%
4 2 6 9 - * - 10
0%
8 2 - 3 + 1 + 10
0%
8 4 - 5 * 2 / 10
0%
3 2 - 10 10 * * 100
0%
10 3 + 8 * 4 - 100
0%
8 5 8 + * 4 - 100
0%
5 1 5 * * 4 * 100
0%
1 7 * 3 + 10 * 100
0%
2 6 + 8 5 + * 104
0%
3 5 * 8 1 - * 105
0%
7 9 10 * + 9 + 106
0%
10 10 * 1 + 6 + 107
0%
3 3 + 2 9 * * 108
0%
2 9 1 5 + * * 108
0%
1 8 + 2 6 * * 108
0%
4 10 + 4 1 - - 11
0%
5 2 + 2 * 3 - 11
0%
4 3 + 5 1 - + 11
0%
7 8 + 4 - 1 ^ 11
0%
10 6 + 1 4 + - 11
0%
4 2 + 5 10 - - 11
0%
10 5 + 4 - 1 ^ 11
0%
7 6 6 - 4 + + 11
0%
4 7 + 10 9 - * 11
0%
8 4 + 9 8 - - 11
0%
3 7 + 1 2 - - 11
0%
2 4 * 5 2 - + 11
0%
9 2 * 1 ^ 7 - 11
0%
2 1 - 4 + 6 + 11
0%
5 7 + 5 4 - - 11
0%
5 4 + 10 + 8 - 11
0%
10 2 + 5 4 - - 11
0%
9 8 10 - + 4 + 11
0%
9 8 + 4 10 - + 11
0%
6 7 + 2 1 * - 11
0%
10 3 - 4 + 1 * 11
0%
6 5 + 10 1 * * 110
0%
2 4 + 8 + 8 * 112
0%
6 9 + 10 10 * + 115
0%
7 7 * 9 + 2 * 116
0%
4 9 + 2 7 + * 117
0%
10 3 + 5 4 + * 117
0%
8 10 4 7 + * + 118
0%
3 4 + 10 + 7 * 119
0%
6 10 - 4 2 ^ + 12
0%
7 10 7 2 - - + 12
0%
7 3 - 9 * 3 / 12
0%
6 8 4 - 2 + + 12
0%
4 8 7 6 - * + 12
0%
6 1 + 1 4 + + 12
0%
4 2 - 10 * 8 - 12
0%
3 2 - 9 3 + * 12
0%
1 5 2 + * 5 + 12
0%
6 1 * 1 5 + + 12
0%
7 4 * 9 - 7 - 12
0%
8 1 4 1 * * + 12
0%
2 1 4 - - 7 + 12
0%
4 4 + 8 + 4 - 12
0%
2 8 1 3 - + * 12
0%
4 1 * 1 / 8 + 12
0%
1 5 + 6 1 * + 12
0%
8 5 1 3 * * * 120
0%
9 5 8 - - 10 * 120
0%
8 4 + 1 * 10 * 120
0%
2 8 + 6 6 + * 120
0%
8 5 + 7 + 6 * 120
0%
2 1 + 4 10 * * 120
0%
2 1 + 10 * 4 * 120
0%
8 8 + 2 4 * * 128
0%
5 7 * 8 + 3 * 129
0%
4 5 6 + + 2 - 13
0%
1 2 4 10 + - - 13
0%
2 7 - 9 2 * + 13
0%
5 3 8 3 + - - 13
0%
7 6 + 4 3 - * 13
0%
3 10 + 6 - 6 + 13
0%
1 8 * 10 + 5 - 13
0%
2 4 6 9 + - - 13
0%
7 5 2 * + 4 - 13
0%
1 2 + 7 + 3 + 13
0%
9 2 - 4 + 2 + 13
0%
3 5 * 2 - 1 ^ 13
0%
2 5 + 3 * 8 - 13
0%
4 6 + 5 + 2 - 13
0%
4 10 9 - - 10 + 13
0%
3 7 * 8 - 10 * 130
0%
7 3 8 + 8 + * 133
0%
10 7 * 3 - 2 * 134
0%
4 5 + 5 3 * * 135
0%
3 5 * 9 * 1 ^ 135
0%
1 2 + 9 5 * * 135
0%
8 10 + 5 + 6 * 138
0%
3 2 + 3 6 + + 14
0%
7 9 5 3 - - + 14
0%
4 3 - 7 6 + + 14
0%
4 10 + 1 2 ^ * 14
0%
8 10 - 10 + 6 + 14
0%
2 9 1 ^ 2 - * 14
0%
10 9 7 - 2 + + 14
0%
7 10 + 8 5 - - 14
0%
4 5 1 6 - - + 14
0%
7 2 - 1 10 - - 14
0%
8 7 + 1 * 1 - 14
0%
3 4 10 - 5 - - 14
0%
3 9 + 8 6 - + 14
0%
10 9 + 2 + 7 - 14
0%
7 5 8 5 - - * 14
0%
8 1 2 9 - + - 14
0%
3 2 10 * 9 - + 14
0%
8 10 - 8 8 + + 14
0%
10 2 + 2 - 4 + 14
0%
6 5 * 6 - 10 - 14
0%
5 3 8 4 + - - 14
0%
10 2 7 1 - - - 14
0%
10 6 6 4 + - - 14
0%
10 4 8 - 1 / - 14
0%
10 2 3 4 + * * 140
0%
7 6 7 2 * + * 140
0%
3 8 * 10 - 10 * 140
0%
1 10 2 7 * * + 141
0%
7 7 + 10 * 4 + 144
0%
3 8 9 3 - * * 144
0%
5 5 6 * * 6 - 144
0%
10 3 * 6 - 6 * 144
0%
3 6 + 2 8 * * 144
0%
6 8 8 2 * + * 144
0%
6 6 * 5 1 - * 144
0%
6 3 * 8 * 1 + 145
0%
4 2 * 3 10 - - 15
0%
6 5 + 5 - 9 + 15
0%
9 10 - 6 + 10 + 15
0%
8 7 - 5 10 + * 15
0%
7 5 1 4 - - + 15
0%
8 3 + 5 - 9 + 15
0%
5 2 ^ 2 - 8 - 15
0%
9 2 3 1 + + + 15
0%
6 1 + 4 + 4 + 15
0%
9 6 9 - + 9 + 15
0%
10 7 8 + 10 - + 15
0%
4 8 6 - + 9 + 15
0%
9 1 * 6 1 * + 15
0%
5 4 * 5 10 - + 15
0%
9 3 + 4 1 - + 15
0%
1 6 7 + 1 + + 15
0%
8 1 1 6 + * + 15
0%
10 2 8 + 5 + * 150
0%
8 5 - 5 * 10 * 150
0%
2 10 8 * * 9 - 151
0%
5 4 + 10 + 8 * 152
0%
8 10 8 7 + * + 158
0%
1 4 * 3 1 + * 16
0%
3 3 1 10 * + + 16
0%
4 1 + 3 8 + + 16
0%
8 2 - 5 5 + + 16
0%
1 1 + 2 4 * * 16
0%
9 2 10 + + 5 - 16
0%
8 6 10 6 - - * 16
0%
3 2 9 6 + - - 16
0%
1 10 9 + + 4 - 16
0%
4 9 3 1 * + + 16
0%
1 10 * 5 + 1 + 16
0%
4 3 * 2 2 * + 16
0%
10 6 1 1 - + + 16
0%
1 3 10 5 - * + 16
0%
10 6 - 3 + 9 + 16
0%
7 3 - 2 10 + + 16
0%
3 5 + 4 * 2 / 16
0%
4 10 + 6 + 4 - 16
0%
6 1 8 2 + * + 16
0%
3 2 + 9 2 + + 16
0%
5 8 8 + 2 * * 160
0%
2 9 * 10 1 - * 162
0%
3 6 * 1 / 9 * 162
0%
1 10 8 * + 2 * 162
0%
2 1 8 10 * + * 162
0%
8 5 * 4 * 6 + 166
0%
7 9 + 10 * 9 + 169
0%
7 9 9 + 9 * + 169
0%
2 6 + 10 1 - + 17
0%
10 5 - 8 4 + + 17
0%
5 1 9 * + 3 + 17
0%
2 8 1 6 + + + 17
0%
10 8 8 - 7 - - 17
0%
4 1 7 + + 5 + 17
0%
7 9 + 5 - 6 + 17
0%
10 7 3 4 - * - 17
0%
3 9 * 7 - 3 - 17
0%
3 7 * 10 - 6 + 17
0%
7 10 6 - 6 + + 17
0%
6 6 7 + 2 - + 17
0%
3 8 * 2 5 + - 17
0%
4 7 9 3 - + + 17
0%
7 2 2 6 * - - 17
0%
6 7 4 + + 1 * 17
0%
10 8 + 6 + 7 - 17
0%
7 7 3 - + 6 + 17
0%
1 9 1 9 - - * 17
0%
4 4 * 6 5 - + 17
0%
4 3 8 + 2 + + 17
0%
1 6 * 7 4 + + 17
0%
5 6 * 6 * 7 - 173
0%
10 10 + 9 + 6 * 174
0%
7 3 - 8 6 + + 18
0%
2 4 - 4 5 * + 18
0%
4 3 - 6 * 3 * 18
0%
1 10 2 * + 3 - 18
0%
6 10 2 + + 1 / 18
0%
7 5 4 2 + + + 18
0%
2 9 5 5 - + * 18
0%
2 7 + 3 - 3 * 18
0%
4 8 10 - + 9 * 18
0%
7 1 * 4 * 10 - 18
0%
10 4 - 1 2 + * 18
0%
6 3 + 9 7 - * 18
0%
6 8 + 10 + 6 - 18
0%
4 10 3 + 1 + + 18
0%
1 6 * 4 1 - * 18
0%
1 2 10 1 - * * 18
0%
7 2 * 7 3 - + 18
0%
2 5 + 4 * 10 - 18
0%
9 2 7 6 - * * 18
0%
4 10 9 * 2 / * 180
0%
2 9 7 3 + * * 180
0%
2 10 10 8 * + * 180
0%
5 9 4 * * 1 ^ 180
0%
1 5 4 * 9 * + 181
0%
5 8 + 9 5 + * 182
0%
8 10 + 3 2 - + 19
0%
2 2 10 + + 5 + 19
0%
7 9 6 + + 3 - 19
0%
10 1 1 - - 9 + 19
0%
6 1 * 4 + 9 + 19
0%
10 4 5 + + 1 / 19
0%
10 2 1 - - 10 + 19
0%
3 6 2 + 2 * + 19
0%
3 1 10 6 + * + 19
0%
10 10 8 9 - + + 19
0%
2 3 10 + * 7 - 19
0%
8 4 - 7 + 8 + 19
0%
2 10 + 2 - 9 + 19
0%
4 4 3 9 + * * 192
0%
3 4 + 7 4 * * 196
0%
3 4 7 * 7 * + 199
0%
5 10 4 * * 1 - 199
0%
6 9 5 1 * - - 2
0%
1 9 * 5 - 2 - 2
0%
5 8 7 - 3 * - 2
0%
3 10 9 - + 2 - 2
0%
1 1 8 6 - * * 2
0%
7 2 - 2 5 - + 2
0%
2 6 3 9 - + - 2
0%
4 10 9 1 - - - 2
0%
6 1 2 6 - * + 2
0%
2 7 3 3 - * + 2
0%
6 3 7 + - 6 + 2
0%
7 2 + 2 9 - + 2
0%
3 1 - 8 - 8 + 2
0%
1 3 3 * 10 - - 2
0%
9 5 4 10 - - + 20
0%
6 5 + 8 1 + + 20
0%
4 1 10 * 6 + + 20
0%
1 5 4 * * 1 / 20
0%
7 8 + 2 * 10 - 20
0%
10 10 4 5 * - - 20
0%
10 10 + 4 + 4 - 20
0%
1 1 * 4 + 4 * 20
0%
8 3 * 9 - 5 + 20
0%
1 1 + 2 9 * + 20
0%
7 2 - 3 - 10 * 20
0%
5 1 * 5 + 10 + 20
0%
9 1 1 10 * + + 20
0%
10 8 - 10 * 1 * 20
0%
2 3 10 5 + + + 20
0%
2 4 5 * 5 * * 200
0%
5 5 5 3 + * * 200
0%
2 8 4 + * 3 - 21
0%
1 3 * 7 1 ^ * 21
0%
7 6 + 10 - 7 * 21
0%
8 3 8 - + 7 * 21
0%
4 5 + 5 + 7 + 21
0%
6 5 2 5 - * - 21
0%
9 5 * 3 / 6 + 21
0%
2 9 - 4 7 * + 21
0%
9 2 - 9 * 3 / 21
0%
7 5 1 ^ 9 + + 21
0%
9 9 6 - 4 * + 21
0%
8 5 - 9 9 + + 21
0%
3 10 9 6 - - * 21
0%
3 5 2 * + 8 + 21
0%
7 1 4 * + 10 + 21
0%
3 8 8 + 2 + + 21
0%
10 7 + 1 + 3 + 21
0%
7 5 9 + + 1 * 21
0%
3 5 5 - - 7 * 21
0%
10 1 * 7 5 + + 22
0%
3 1 4 * * 10 + 22
0%
8 5 - 10 + 9 + 22
0%
6 6 * 10 4 + - 22
0%
1 9 + 6 6 + + 22
0%
1 7 + 3 + 2 * 22
0%
10 4 3 * + 1 ^ 22
0%
8 2 1 7 * * + 22
0%
3 7 * 5 6 - - 22
0%
2 4 7 + + 9 + 22
0%
9 10 3 1 * + + 22
0%
9 2 + 6 * 3 / 22
0%
5 6 * 2 4 * - 22
0%
5 2 4 + * 7 - 23
0%
6 5 6 2 * + + 23
0%
5 10 4 4 + + + 23
0%
8 7 + 1 9 - - 23
0%
2 2 + 4 * 7 + 23
0%
3 7 * 8 6 - + 23
0%
7 1 ^ 9 7 + + 23
0%
5 7 * 4 8 + - 23
0%
6 3 * 2 3 + + 23
0%
6 4 3 7 * - - 23
0%
2 3 - 8 3 * + 23
0%
7 4 3 7 * - - 24
0%
8 5 - 2 * 4 * 24
0%
2 4 * 1 2 + * 24
0%
10 8 - 7 * 10 + 24
0%
7 1 + 5 2 - * 24
0%
4 6 + 8 + 6 + 24
0%
9 5 3 6 - * - 24
0%
4 8 5 3 - - * 24
0%
2 5 3 - 6 * * 24
0%
7 7 - 8 3 * + 24
0%
1 1 + 3 9 + * 24
0%
7 4 * 7 4 - - 25
0%
2 4 * 3 - 5 * 25
0%
5 4 8 2 * + + 25
0%
8 4 * 1 * 7 - 25
0%
5 10 3 1 - * + 25
0%
4 6 + 6 + 9 + 25
0%
10 7 8 1 * + + 25
0%
5 10 3 + + 7 + 25
0%
3 4 + 10 8 + + 25
0%
2 10 * 6 1 - + 25
0%
6 6 * 2 5 * - 26
0%
3 7 * 10 + 5 - 26
0%
1 10 + 7 + 8 + 26
0%
8 10 + 1 7 + + 26
0%
9 2 8 * + 1 + 26
0%
9 7 3 7 - + * 27
0%
7 4 9 + + 7 + 27
0%
10 3 6 + + 8 + 27
0%
5 6 * 10 7 - - 27
0%
3 9 * 5 4 - * 27
0%
3 3 4 * * 9 - 27
0%
1 10 + 9 + 7 + 27
0%
10 4 * 5 8 + - 27
0%
6 4 5 5 * - - 27
0%
9 5 + 3 10 + + 27
0%
4 8 * 9 - 5 + 28
0%
4 4 3 3 + * + 28
0%
5 8 * 4 3 * - 28
0%
2 6 8 + * 1 * 28
0%
3 10 * 9 - 7 + 28
0%
2 4 2 + 8 + * 28
0%
8 6 4 + + 10 + 28
0%
6 3 - 4 + 4 * 28
0%
7 9 4 + + 8 + 28
0%
5 1 + 4 * 4 + 28
0%
2 1 9 * * 10 + 28
0%
7 3 3 * 5 - * 28
0%
7 10 7 + 5 + + 29
0%
9 3 10 * + 10 - 29
0%
9 3 * 3 5 - - 29
0%
3 3 3 + 6 - + 3
0%
5 1 5 8 - + + 3
0%
3 2 4 6 - + - 3
0%
9 8 - 7 9 - - 3
0%
2 2 3 - + 3 * 3
0%
2 6 - 2 + 5 + 3
0%
7 3 4 3 - + - 3
0%
3 10 2 8 + - - 3
0%
1 6 + 1 3 + - 3
0%
7 2 4 6 - - - 3
0%
2 3 + 7 - 5 + 3
0%
7 1 6 - 9 + - 3
0%
9 2 5 8 - * + 3
0%
1 4 9 - 7 + + 3
0%
7 7 5 6 + - + 3
0%
2 2 1 1 * - + 3
0%
6 6 - 7 4 - + 3
0%
2 7 5 - - 3 + 3
0%
1 7 5 10 - + + 3
0%
8 3 - 1 * 2 - 3
0%
4 4 + 1 + 6 - 3
0%
4 10 4 7 + - + 3
0%
5 6 - 5 1 - + 3
0%
3 2 - 7 - 9 + 3
0%
3 9 10 + 8 + + 30
0%
6 3 10 * 6 - + 30
0%
2 5 + 4 - 10 * 30
0%
3 1 * 8 2 + * 30
0%
3 2 5 * * 1 * 30
0%
1 6 * 5 * 1 / 30
0%
10 1 * 5 + 2 * 30
0%
10 6 + 7 + 7 + 30
0%
7 5 + 8 + 10 + 30
0%
9 8 + 4 9 + + 30
0%
9 2 * 5 + 7 + 30
0%
9 10 2 + 10 + + 31
0%
6 4 * 3 + 4 + 31
0%
10 10 + 2 * 9 - 31
0%
8 5 * 9 1 * - 31
0%
4 1 1 - + 8 * 32
0%
5 6 1 - * 7 + 32
0%
4 8 * 1 * 1 / 32
0%
7 4 1 - - 8 * 32
0%
8 1 * 5 * 8 - 32
0%
9 3 + 8 - 8 * 32
0%
3 2 8 + 3 * + 33
0%
3 10 7 4 - * + 33
0%
5 7 2 * 2 * + 33
0%
5 7 * 1 1 + - 33
0%
6 7 8 * 2 / + 34
0%
4 10 4 7 - * - 34
0%
9 10 5 + 10 + + 34
0%
5 8 * 6 1 * - 34
0%
5 2 ^ 1 * 9 + 34
0%
8 6 + 7 - 5 * 35
0%
9 4 * 10 - 9 + 35
0%
6 2 ^ 9 - 8 + 35
0%
1 4 * 1 + 7 * 35
0%
7 2 2 ^ * 8 + 36
0%
5 7 * 6 7 - - 36
0%
4 4 - 4 + 9 * 36
0%
3 1 ^ 2 6 * * 36
0%
7 7 * 9 4 + - 36
0%
3 10 8 - * 6 * 36
0%
9 6 8 6 - - * 36
0%
4 9 * 4 + 4 - 36
0%
2 10 5 3 + + * 36
0%
6 6 1 1 * * * 36
0%
4 9 * 8 7 - + 37
0%
10 2 + 3 * 1 + 37
0%
8 1 + 4 * 2 + 38
0%
3 8 4 1 + + * 39
0%
7 6 * 2 + 5 - 39
0%
9 2 10 * + 10 + 39
0%
4 5 + 4 + 3 * 39
0%
2 5 + 4 8 * + 39
0%
4 10 + 3 - 7 - 4
0%
4 2 9 9 - * + 4
0%
1 5 1 9 - + - 4
0%
5 1 4 + 4 - - 4
0%
4 4 4 - 9 * + 4
0%
3 6 4 + + 9 - 4
0%
6 5 + 7 1 * - 4
0%
2 2 1 2 - * - 4
0%
1 9 1 + * 6 - 4
0%
4 1 - 4 5 - - 4
0%
9 4 - 2 3 - + 4
0%
6 8 + 5 2 * - 4
0%
10 9 5 - - 2 - 4
0%
1 2 1 - + 2 ^ 4
0%
4 6 5 5 - * - 4
0%
2 5 - 1 / 7 + 4
0%
4 5 + 7 - 2 + 4
0%
3 9 7 1 + - + 4
0%
1 8 + 1 5 * - 4
0%
3 6 - 7 + 1 / 4
0%
1 6 7 5 - - * 4
0%
4 4 10 - + 2 ^ 4
0%
1 4 * 10 1 * * 40
0%
7 5 * 1 6 - - 40
0%
7 3 - 1 * 10 * 40
0%
4 9 * 2 - 6 + 40
0%
4 9 3 - 4 + * 40
0%
7 7 - 5 8 * + 40
0%
5 6 5 * + 5 + 40
0%
5 10 * 5 4 + - 41
0%
5 1 - 10 * 1 + 41
0%
9 5 * 5 - 1 + 41
0%
7 2 ^ 5 3 + - 41
0%
8 5 * 4 5 - - 41
0%
8 4 * 5 + 4 + 41
0%
7 5 1 6 + * + 42
0%
3 4 + 5 7 * + 42
0%
6 2 4 9 - - * 42
0%
4 9 8 + + 2 * 42
0%
7 3 6 + 3 - * 42
0%
8 9 3 - + 3 * 42
0%
6 5 * 6 + 6 + 42
0%
6 4 * 10 + 8 + 42
0%
6 8 * 5 10 - + 43
0%
6 10 * 8 - 9 - 43
0%
6 7 * 1 2 - - 43
0%
4 10 7 2 ^ - - 43
0%
9 2 * 5 5 * + 43
0%
6 6 * 2 5 + + 43
0%
3 3 * 2 + 4 * 44
0%
5 6 5 * + 9 + 44
0%
7 4 * 8 8 + + 44
0%
8 4 + 8 4 * + 44
0%
10 1 + 4 1 ^ * 44
0%
3 2 * 7 * 2 + 44
0%
9 7 + 1 - 3 * 45
0%
2 5 + 7 * 4 - 45
0%
3 10 3 2 + + * 45
0%
8 4 + 3 * 9 + 45
0%
1 8 6 + + 3 * 45
0%
5 3 1 7 - - * 45
0%
9 1 - 3 - 9 * 45
0%
6 1 - 8 * 5 + 45
0%
5 9 + 4 * 10 - 46
0%
2 4 + 7 * 6 + 48
0%
7 3 - 8 4 + * 48
0%
8 9 7 + 10 - * 48
0%
2 7 * 2 / 7 * 49
0%
1 9 * 5 8 * + 49
0%
1 3 4 + 7 * * 49
0%
4 9 9 4 - * + 49
0%
4 5 4 10 * + + 49
0%
7 7 * 5 5 - - 49
0%
5 4 - 6 + 7 * 49
0%
3 8 8 2 - - + 5
0%
8 5 + 5 3 + - 5
0%
9 2 + 8 - 2 + 5
0%
6 9 8 2 + - + 5
0%
1 4 8 9 - * - 5
0%
10 10 10 - 5 - + 5
0%
8 7 - 1 3 + + 5
0%
7 5 * 10 3 * - 5
0%
4 2 - 8 5 - + 5
0%
7 5 9 - 6 + - 5
0%
3 6 9 1 - - - 5
0%
7 1 1 + + 4 - 5
0%
3 7 - 6 + 3 + 5
0%
7 9 7 - - 10 * 50
0%
1 10 5 * 1 / * 50
0%
10 4 * 4 6 + + 50
0%
4 10 * 7 + 4 + 51
0%
3 1 6 10 + + * 51
0%
3 4 5 8 + + * 51
0%
2 7 - 8 7 * + 51
0%
10 9 - 5 10 * + 51
0%
3 8 7 + 2 + * 51
0%
3 9 1 - 9 + * 51
0%
7 9 + 3 * 4 + 52
0%
4 10 * 2 6 * + 52
0%
8 5 + 4 * 1 / 52
0%
7 6 * 9 + 1 + 52
0%
7 9 5 1 * * + 52
0%
6 9 * 1 / 2 - 52
0%
4 7 9 2 - * + 53
0%
7 6 + 4 * 1 + 53
0%
3 10 1 4 + * + 53
0%
2 4 4 9 + * + 54
0%
7 7 * 5 1 * + 54
0%
3 3 7 * * 8 - 55
0%
5 10 * 5 - 10 + 55
0%
10 5 9 * 1 * + 55
0%
10 4 - 8 * 7 + 55
0%
6 7 + 6 - 8 * 56
0%
6 10 * 3 + 7 - 56
0%
6 4 * 4 + 2 * 56
0%
1 7 7 2 ^ + * 56
0%
3 8 * 10 - 4 * 56
0%
1 8 9 7 * - - 56
0%
8 6 5 - * 7 * 56
0%
4 10 + 5 + 3 * 57
0%
6 10 * 6 - 3 + 57
0%
6 2 9 + * 8 - 58
0%
6 9 * 4 1 * + 58
0%
4 8 6 * 6 + + 58
0%
7 8 * 4 7 - - 59
0%
6 8 + 5 9 * + 59
0%
4 8 - 7 9 * + 59
0%
3 5 4 - 3 * + 6
0%
8 3 + 4 - 1 - 6
0%
5 4 - 2 3 * * 6
0%
4 10 - 3 + 9 + 6
0%
10 8 4 1 ^ - - 6
0%
1 9 - 8 6 + + 6
0%
1 4 + 3 4 - - 6
0%
6 5 - 7 2 - + 6
0%
2 1 * 2 2 ^ + 6
0%
1 3 + 5 - 7 + 6
0%
1 4 2 - + 3 + 6
0%
3 10 + 4 3 + - 6
0%
4 2 3 2 - * + 6
0%
5 8 - 1 3 - * 6
0%
2 8 4 - 1 * + 6
0%
6 1 6 - 6 + * 6
0%
10 2 1 ^ + 6 - 6
0%
9 6 + 10 1 - - 6
0%
1 1 + 3 + 1 + 6
0%
2 6 3 - 7 - - 6
0%
5 2 5 5 + + * 60
0%
3 4 7 + 9 + * 60
0%
6 5 3 - * 5 * 60
0%
10 5 1 * + 4 * 60
0%
7 9 * 1 2 ^ - 62
0%
7 5 10 * + 5 + 62
0%
6 10 6 * + 4 - 62
0%
1 9 6 9 * + * 63
0%
9 6 * 5 + 4 + 63
0%
3 6 10 5 + + * 63
0%
9 2 + 10 + 3 * 63
0%
7 4 + 5 * 8 + 63
0%
4 2 + 3 + 7 * 63
0%
10 5 * 3 10 + + 63
0%
3 5 4 4 * + * 63
0%
9 7 9 9 - + * 63
0%
1 1 + 4 * 2 ^ 64
0%
8 2 2 4 + + * 64
0%
1 3 + 8 * 2 * 64
0%
3 1 + 6 10 + * 64
0%
4 2 4 * 2 * * 64
0%
8 3 5 - 10 + * 64
0%
4 10 3 3 + + * 64
0%
8 8 4 4 - + * 64
0%
3 2 * 10 * 5 + 65
0%
5 5 8 + 1 * * 65
0%
9 9 * 6 - 10 - 65
0%
4 10 - 8 9 * + 66
0%
8 3 - 6 + 6 * 66
0%
5 10 + 4 - 6 * 66
0%
3 6 9 * + 9 + 66
0%
8 9 * 8 2 - - 66
0%
9 8 * 4 + 9 - 67
0%
1 9 * 8 * 5 - 67
0%
4 10 3 + 4 + * 68
0%
4 6 1 10 + + * 68
0%
8 5 7 8 * + + 69
0%
7 10 * 2 - 1 + 69
0%
4 9 7 * + 2 + 69
0%
5 8 7 + * 6 - 69
0%
9 8 * 1 3 * - 69
0%
1 6 1 * + 1 / 7
0%
1 6 + 4 3 - * 7
0%
3 5 3 - - 6 + 7
0%
3 6 * 9 2 + - 7
0%
3 4 + 2 1 - * 7
0%
6 1 10 9 - * + 7
0%
10 6 1 9 * - + 7
0%
3 2 4 - + 6 + 7
0%
3 2 - 1 ^ 7 * 7
0%
4 1 * 1 3 * + 7
0%
1 9 3 + + 6 - 7
0%
1 4 + 3 5 - - 7
0%
10 3 4 + + 10 - 7
0%
1 2 - 2 4 * + 7
0%
7 1 7 * 6 - * 7
0%
8 7 1 - - 5 + 7
0%
9 9 - 2 * 7 + 7
0%
5 5 1 * - 7 + 7
0%
7 8 10 10 - * - 7
0%
7 4 5 + + 9 - 7
0%
8 8 + 6 3 + - 7
0%
7 4 3 + 7 - + 7
0%
3 6 6 - 4 + + 7
0%
7 9 1 8 - * - 70
0%
8 2 + 3 4 + * 70
0%
7 10 * 10 - 10 + 70
0%
2 7 + 5 + 5 * 70
0%
2 10 5 5 * + * 70
0%
7 5 5 - 10 + * 70
0%
10 3 8 4 - + * 70
0%
10 4 7 8 * + + 70
0%
8 9 * 2 3 - + 71
0%
3 3 + 8 4 + * 72
0%
8 5 4 + * 1 * 72
0%
6 9 2 + 1 + * 72
0%
8 4 4 - 9 + * 72
0%
1 2 + 9 + 6 * 72
0%
2 4 * 9 1 * * 72
0%
3 8 7 4 - * * 72
0%
3 10 9 2 - * + 73
0%
3 7 4 6 + * + 73
0%
4 4 + 10 * 7 - 73
0%
6 10 * 5 8 + + 73
0%
6 9 5 + * 10 - 74
0%
10 8 * 4 + 10 - 74
0%
8 9 * 2 + 1 / 74
0%
3 8 + 6 * 8 + 74
0%
2 8 * 5 * 5 - 75
0%
4 8 10 * + 9 - 75
0%
5 9 8 2 - + * 75
0%
4 3 4 4 * + * 76
0%
7 10 * 6 1 ^ + 76
0%
7 10 * 3 + 3 + 76
0%
2 2 8 9 * + + 76
0%
6 5 + 5 2 + * 77
0%
4 6 + 3 + 6 * 78
0%
5 8 8 * 10 + + 79
0%
7 2 6 + - 9 + 8
0%
5 3 2 * 2 / + 8
0%
1 1 - 8 * 8 + 8
0%
5 1 - 3 1 + + 8
0%
8 9 8 8 - * + 8
0%
7 3 - 2 2 ^ + 8
0%
2 5 + 4 + 3 - 8
0%
2 1 + 10 5 - + 8
0%
10 1 - 8 7 - - 8
0%
9 7 7 1 - - - 8
0%
8 6 6 - 1 * + 8
0%
5 1 5 + 3 - + 8
0%
5 6 + 5 + 8 - 8
0%
3 5 1 * + 1 * 8
0%
1 2 ^ 8 1 * * 8
0%
8 5 - 4 1 + + 8
0%
6 5 2 + + 5 - 8
0%
3 5 * 1 7 * - 8
0%
6 2 + 5 5 - + 8
0%
1 9 3 + * 4 - 8
0%
8 10 - 1 5 - * 8
0%
2 9 6 9 + - - 8
0%
10 5 3 1 * - - 8
0%
2 9 * 5 2 * - 8
0%
2 8 6 8 + - - 8
0%
1 5 2 1 * + + 8
0%
9 4 9 - - 6 - 8
0%
1 3 7 + * 2 - 8
0%
4 1 4 1 - + + 8
0%
4 9 8 - 5 - - 8
0%
10 4 * 5 3 - * 80
0%
4 3 1 + * 5 * 80
0%
10 5 4 - * 8 * 80
0%
5 9 + 4 - 8 * 80
0%
6 3 + 9 * 1 * 81
0%
9 9 * 8 - 9 + 82
0%
9 9 * 7 + 5 - 83
0%
6 1 - 7 + 7 * 84
0%
6 1 6 * + 7 * 84
0%
3 1 + 3 * 7 * 84
0%
3 10 + 7 * 7 - 84
0%
3 4 + 2 6 * * 84
0%
7 1 7 4 + + * 84
0%
6 8 8 2 + * + 86
0%
10 9 * 7 9 - + 88
0%
6 8 10 9 * - - 88
0%
2 4 5 8 * + * 88
0%
7 9 1 * 9 * + 88
0%
6 6 8 + * 5 + 89
0%
7 10 4 + * 9 - 89
0%
9 6 1 * 6 - - 9
0%
8 4 - 1 5 * + 9
0%
1 5 + 8 5 - + 9
0%
4 3 3 * + 4 - 9
0%
10 1 + 5 3 - - 9
0%
3 1 + 5 10 - - 9
0%
1 3 10 4 - + * 9
0%
4 3 - 6 3 + * 9
0%
9 10 1 - + 9 - 9
0%
9 6 3 2 * - - 9
0%
8 4 - 1 * 5 + 9
0%
8 4 2 5 - + + 9
0%
2 4 6 9 - - + 9
0%
2 8 + 8 7 - - 9
0%
6 3 6 1 ^ - - 9
0%
9 1 * 1 1 - + 9
0%
7 5 1 4 - + + 9
0%
9 5 7 7 - * - 9
0%
3 2 1 ^ 3 * + 9
0%
1 8 + 1 * 1 / 9
0%
1 1 8 + * 1 / 9
0%
10 8 + 4 1 + * 90
0%
4 5 + 6 4 + * 90
0%
4 7 + 4 + 6 * 90
0%
1 6 * 10 5 + * 90
0%
1 8 9 9 * + + 90
0%
9 2 6 + 2 + * 90
0%
6 6 4 * + 3 * 90
0%
6 3 7 2 - * * 90
0%
3 2 + 10 + 6 * 90
0%
9 1 1 9 * + * 90
0%
1 10 - 10 10 * + 91
0%
8 10 * 5 + 9 + 94
0%
5 6 6 + 7 + * 95
0%
9 4 + 8 * 9 - 95
0%
10 2 + 4 + 6 * 96
0%
8 4 1 * 3 * * 96
0%
7 5 3 6 * * + 97
0%
9 10 1 * * 8 + 98
0%
10 10 8 * 9 + + 99
0%
9 5 8 2 - + * 99
0%
No matching quizzes found
Score Distribution
Percent of People with Each Score
Percentile by Number Answered
Your Score History
You have not taken this quiz